Manual de derecho municipal
Na minha lista:
| Autor principal: | |
|---|---|
| Formato: | Livro |
| Idioma: | espanhol |
| Publicado em: |
Santiago
Universidad Autónoma de Chile
2015
Santiago Ril Editores 2015 |
| Edição: | 1a. ed |
| Assuntos: | |
| Tags: |
Adicionar Tag
Sem tags, seja o primeiro a adicionar uma tag!
|
MARC
| LEADER | 00000cam a2200000 a 4500 | ||
|---|---|---|---|
| 001 | UCC0058 | ||
| 003 | CL-VaPUC | ||
| 008 | 170713e20150000cl |||||||||||||||||spa|d | ||
| 020 | |a 9789560102058 | ||
| 082 | 0 | 4 | |a 342.088 |b VIL |2 21 |
| 100 | 0 | |a Villagrán Abarzúa, Marcelo |e author |9 593981 | |
| 245 | 1 | 0 | |a Manual de derecho municipal |
| 250 | |a 1a. ed | ||
| 300 | |a 105 p | ||
| 942 | |c BK | ||
| 945 | |d 20170713 16:08:00 |a arojas | ||
| 260 | |a Santiago |b Universidad Autónoma de Chile |c 2015 | ||
| 260 | |a Santiago |b Ril Editores |c 2015 | ||
| 650 | 0 | |a Derecho administrativo |9 254851 | |
| 650 | 7 | |a RESPONSABILIDAD MUNICIPAL |2 CL-VaPUC |9 384144 | |
| 650 | 7 | |a DERECHO MUNICIPAL |2 CL-VaPUC |9 257568 | |
| 583 | |a last modification |c 20170713 16:08:00 |k Rodrigo Vera | ||
| 999 | |c 369018 |d 369016 | ||
| 952 | |0 0 |1 0 |3 erb |4 0 |6 342_088000000000000_VIL_2015_2015 |7 0 |8 A |9 484543 |a BIBDER |b BIBDER |i 5408121 |l 3 |o 342.088 VIL 2015 2015 |p 5408121 |r 2023-01-25 |s 2022-10-01 |w 2019-11-24 |y BK |z Catalogado en:20170713 |k DER | ||